000 00147 a2200085 4500
041 _aeng
100 _aAnonimo
245 _aPocahontas
942 _cBK
999 _c13087
_d13087